Sýmbolum Apostólicum / Apostolórum (Credo in Deum) - Statistics

General Stats
  • This quiz has been taken 194 times
  • The average score is 45 of 76
Answer Stats
Latin % Correct
Credo
100%
Deum,
98%
in
98%
Patrem
83%
et
79%
omnipoténtem,
79%
cæli
76%
terræ.
76%
Christum,
74%
Et
74%
Fílium
74%
Iesum
74%
in
74%
Creatórem
71%
Dóminum
69%
nostrum,
69%
Eius
67%
crucifíxus,
64%
qui
64%
únicum,
64%
conceptus
62%
de
62%
est
62%
et
62%
ex
62%
Maria
62%
natus
62%
passus
62%
Piláto,
62%
Póntio
62%
Sancto,
62%
Spíritu
62%
sub
62%
Vírgine,
62%
die
60%
tértia
60%
a
57%
ad
57%
ascéndit
57%
cælos,
57%
descéndit
57%
ínferos,
57%
mórtuis,
57%
mórtuus,
57%
resurréxit
57%
sepúltus,
57%
ad
55%
ad
52%
déxteram
52%
omnipoténtis,
52%
Patris
52%
sedet
52%
Amen.
50%
Dei
50%
et
50%
in
50%
mórtuos.
50%
Sanctum,
50%
Spíritum
50%
vivos
50%
cathólicam,
48%
communiónem,
48%
Ecclésiam
48%
est
48%
iudicáre
48%
remissiónem
48%
sanctam
48%
sanctórum
48%
ventúrus
48%
carnis
45%
Et
45%
inde
45%
peccatórum,
45%
resurrectiónem,
45%
ætérnam.
43%
vitam
43%
No matching quizzes found
Score Distribution
Percent of People with Each Score
Percentile by Number Answered
Your Score History
You have not taken this quiz